000 01841cam a22003614a 4500
005 20260322212024.0
008 data
010 _a 2002153857
020 _a9781572308497 (pbk. : alk. paper)
020 _a1572308494 (pbk. : alk. paper)
040 _aDLC
_cDLC
_dVET
_dVET
041 0 9 _aeng
042 _anlmcopyc
_anlmcopyc
044 _9United States
050 0 0 _aRC567
_b.T634 2003
060 1 0 _aWM 34
_bT628 2003
082 0 0 _a616.86/506
_221
245 1 4 _aThe tobacco dependence treatment handbook :
_ba guide to best practices /
_cDavid B. Abrams.
260 _aNew York :
_bGuilford Press,
_cc2003.
300 _axviii, 365 p. :
_bill. ;
_c28 cm.
490 1 _aTreatment manuals for practitioners
504 _aIncludes bibliographical references (p. 338-358) and index.
505 0 _aPlanning evidence-based treatment of tobacco dependence / David B. Abrams and Raymond Niaura -- Assessment to inform smoking cessation treatment / Raymond Niaura and William G. Shadel -- Increasing motivation to stop smoking / Karen M. Emmons -- Brief behavioral treatment / William G. Shadel and Raymond Niaura -- Intensive behavioral treatment / Richard A. Brown -- Comorbidity treatment: skills training for coping with depression and negative moods / Richard A. Brown -- Pharmacotherapy for smoking cessation / Michael G. Goldstein -- Contextual and systems factors that support treatment -- Judith D. DePue and Laura A. Linnan -- Ongoing research and future directions / Peter M. Monti, Raymond Niaura, and David B. Abrams.
650 1 2 _aTobacco Use Disorder
_xtherapy
650 2 2 _aEvidence-Based Medicine
650 2 2 _aSmoking Cessation
650 2 2 _aSmoking
_xadverse effects
655 2 _aHandbooks
700 1 _aAbrams, David B.
830 0 _aTreatment manuals for practitioners.
994 _aCDN
_b20030812
001 data
999 _c548
_d548